000 01424nam a22002657a 4500
005 20101206113148.0
008 101206t xxu||||| |||| 00| 0 hin d
010 _aHIN-91552
020 _c180.00
_a9788173094453
035 _aHN-63898
037 _bDBAD/PUB
040 _aDPL
_bHN
082 _a
100 _924598
_aहीरानंद वात्स्यायन अज्ञेय
245 _aनगा पर्वत की एक घटना /
_cसच्चिदानंद हीरानंद वात्स्यायन अज्ञेय; कृष्णदत्त पालीवाल द्वारा संपादित
246 _anaga parvat ki ek ghatana
_bby S.H. Vatayayan ' Ajneya' ; Ed by Krishan Dutt Paliwal
260 _aनई दिल्ली
_bसस्ता साहित्य मण्डल
_c2010
270 _aएन-77, पहली मंजिल, कनॉट सर्कस
_bनई दिल्ली
_e110001
300 _a159पृ
_c22सेमी (सजिल्द)
650 _91169
_aलघु कथाएँ, हिन्दी
700 _924599
_aपालीवाल, कृष्णदत्त
700 _925390
942 _2ddc
_cHN
_mहीरानं
_h
999 _c49976
_d49976